000 00461nmm a2200157Ia 4500
008 251105s9999||||xx |||||||||||||||||und||
020 _a9789580613473
041 _aspa
100 _aGonzález González, Miguel Alberto
245 0 _aUn preludio de sorderas
264 _a[Bogotá, Colombia] :
_bOveja Negra,
_c2016
300 _a155 páginas
650 _aLatin American narrative
856 _uhttps://public.digitaliapublishing.com/a/46735
942 _cCF
999 _c94987
_d94987